000 00888nam a2200253Ia 4500
003 OSt
005 20221005112318.0
006 a|||||r|||| 00| 0
007 ta
008 221004b |||||||| |||| 00| 0 pan d
020 _a9788178563671 (hbk)
024 _a17991
037 _bGift, 27/05/2015,
_cTextual
040 _aCRL
_cCRL
_bpan
041 _2pan
_apan
082 _aY73(P153):351:g, 153Q2
100 _aਬਰਿੰਦਰ ਕੌਰ
245 0 _aਮਾਝੀ ਅਤੇ ਮਲਵਈ ਉਪ ਸਭਿਆਚਾਰ
_b ਤੁਲਨਾਤਮਕ ਅਧਿਐਨ
260 _aਅੰਮ੍ਰਿਤਸਰ
_bਵਾਰਿਸ Fਾਹ ਭਾਰਤ
_c2012
300 _a107ਪੰ
_ccm.
650 _aਸਮਾਜ Fਾਸਤਰ
942 _hY73(P153):351:g, 153Q2
_cTEXL
_2cc
999 _c1024515
_d1024515